Normal view
MARC view
- Morphology in English-Woeod Formation in Cognitive Grammar-Grammar
Entry Topical Term
001 - CONTROL NUMBER
- control field: 1630
003 - CONTROL NUMBER IDENTIFIER
- control field: JO-AjAnu
005 - DATE AND TIME OF LATEST TRANSACTION
- control field: 20230606070553.0
008 - FIXED-LENGTH DATA ELEMENTS
- fixed length control field: 230606|| aca||aabn | a|a d
040 ## - CATALOGING SOURCE
- Original cataloging agency: JO-AjAnu
- Transcribing agency: JO-AjAnu
150 ## - HEADING--TOPICAL TERM
- Topical term or geographic name entry element: Morphology in English-Woeod Formation in Cognitive Grammar-Grammar
670 ## - SOURCE DATA FOUND
- Source citation: Work cat.: (JO-AjAnu)855: تاليف Hamawand,Zeki, author 1629, Morphology in English:Woeod Formation in Cognitive Grammar